000 00477nam a22001697a 4500
003 MPLRDC
005 20220104164346.0
008 210129b ||||| |||| 00| 0 eng d
082 _a752.7 THO v.7
100 _aJOSEPH J. THORNDIKE
245 _aGUIDE TO THE UNITED STATES: MASSACHUSETTS. MICHIGAN. MINNESOTA
_c
260 _a
_bDELL PUBLISHING CO.,
_c1965
300 _b
490 _aGUIDE TO THE UNITED STATES
650 _a美国地方志
942 _cBK
_o752.7 THO v.7
999 _c56927
_d56917